Gaming Quiz

Random Gaming or Pokémon Quiz

7 to 1 Image Sorting Gallery: Pokémon by Type (Gen. 1) Quiz Stats

 Plays Quiz not verified by Sporcle

Support Sporcle.
Go Orange.
Score 0/28 Timer 05:00
0 Plays Today
% Correct
Squirtle (03)
96.5%
Pikachu (01)
95.6%
Onix (05)
91.8%
Oddish (04)
91%
Magmar (17)
90.6%
Dewgong (23)
90.3%
Flareon (14)
90.2%
Ponyta (25)
90.1%
Magneton (07)
90%
Charizard (08)
89.6%
Voltorb (11)
89.4%
Vulpix (06)
88.7%
Ivysaur (10)
88.7%
Staryu (21)
87.9%
% Correct
Zapdos (22)
87.8%
Gyarados (15)
87.5%
Arcanine (24)
87.5%
Alakazam (02)
87.2%
Weepinbell (26)
86.8%
Jynx (18)
86.3%
Mew (28)
86.2%
Poliwrath (12)
82.7%
Cloyster (09)
80.4%
Tangela (19)
76.5%
Dratini (16)
75%
Aerodactyl (20)
73.5%
Parasect (13)
71.8%
Psyduck (27)
68.4%

You're not logged in!

Compare scores with friends on all Sporcle quizzes.
OR
Log In

From the Vault

2010s Top Scorers: Golden State Warriors

by gazzso

These guys have the golden touch.
Remove Ads.
Support Sporcle.
Get the best of Sporcle when you Go Orange. This ad-free experience offers more features, more stats, and more fun while also helping to support Sporcle. Thank you for becoming a member.

Show Comments

Extras

Top Quizzes Today


Score Distribution

Your Account Isn't Verified!

In order to create a playlist on Sporcle, you need to verify the email address you used during registration. Go to your Sporcle Settings to finish the process.

Report this User

Report this user for behavior that violates our Community Guidelines.

Details: